Culture générale par lettre - S. - Statistiques

Statistiques générales
  • Ce quiz a été pris 4 409 fois
  • Le résultat moyen est 11 sur 15
Statistiques - réponses
Questions Réponses % Correct
Sport qui peut être "en longueur", "en hauteur" ou "à la perche". Saut
98%
Chanteuse Colombienne, interprète de "Waka waka" en 2010. Shakira
96%
Prénom du peintre Dali. Salvador.
90%
Jeu de société, dans lequel les joueurs doivent former des mots à partir de lettres piochées aux hasard. Scrabble.
90%
Auguste Rodin en était un célèbre. Sculpteur
84%
Célèbre série de jeux vidéo de simulation de vie. Sims
84%
Statue thérianthrope qui se dresse devant les grandes pyramides du plateau de Gizeh, en Basse-Égypte. Sphinx
82%
Super Héros, interprété dans un film au cinéma par Tobey Maguire. Spider-Man
82%
Constructeur automobiles Espagnol, fabriquant de modèle comme "l'Ibiza" ou "l'Ateca". Seat
74%
La femelle de cet animal est la laie. Sanglier
70%
Pays d'Asie qui porte également le nom de sa capitale. Singapour
65%
Série diffusé sur Netflix, se déroulant en 1983, à Hawkins dans l'Indiana, ou Will Byers disparaît de son domicile. Stranger things
63%
Sa capitale est Khartoum. Soudan
62%
Os plat situé en avant du thorax, sur la ligne médiane du corps qui s'articule de chaque côté avec les sept premières côtes ainsi qu'avec les clavicules. Sternum
56%
Plante ornementale et médicinale, mets préféré des Schtroumpfs. Salsepareille
32%
Aucun quiz correspondant
Distribution des résultats
% des personnes avec chaque résultat
Percentile par nombre de réponses
Votre historique - résultats
Vous n’avez pas pris ce quiz